| 000 | 00607nam a2200229 i 4500 | ||
|---|---|---|---|
| 001 | bg | ||
| 100 | 1 | _aBŁAWAT, Franciszek | |
| 245 | 1 | 0 |
_aAnaliza ekonomiczna / _cFranciszek Bławat. |
| 250 | _aWyd. 2. | ||
| 260 |
_aGdańsk : _bWydaw. Politechniki Gdańskiej, _c2001. |
||
| 300 |
_a180 s. : _b2 il. ; _c24 cm. |
||
| 504 | _aBibliogr. | ||
| 650 | 9 |
_aPrzedsiębiorstwo _xekonomika _xbadanie |
|
| 655 | _aPodręczniki | ||
| 020 | _a8388007742 | ||
| 040 | _cBPK | ||
| 041 | 0 | _apl | |
| 080 | _a658.1/.5.003(07) | ||
| 920 | _a83-88007-74-2 | ||
| 942 | _cKS | ||
| 008 | s pl f |000 0 pol | ||
| 999 |
_c39999 _d39999 |
||
| 856 |
_uhttp://koha.tu.koszalin.pl/cgi-bin/koha/opac-detail.pl?biblionumber=39999 _yKatalog online BPK |
||